| 000 | 01215nam a2200349 c 4500 | ||
|---|---|---|---|
| 001 | 58138 | ||
| 003 | CO-BoRNBP | ||
| 005 | 20250816002732.0 | ||
| 007 | ta | ||
| 008 | 231207s2023 ck a|||ar|||| 00||| spa d | ||
| 020 | _a9786289603606 | ||
| 040 |
_aCO-BoRNBP _bspa _erda _cCO-BoRNBP |
||
| 041 | 1 |
_aspa _hfr |
|
| 043 | _ae-fr-- | ||
| 084 | _aH | ||
| 100 |
_aSéchan, Lolita, _d1980- _eaut |
||
| 245 | 1 | 1 |
_a¡Escóndete que voy! / _cLolita Séchan ; ilustraciones de Camille Jourdy ; traducción Alba Pagán. |
| 250 | _aEdición especial | ||
| 264 | 1 |
_aBogotá, Colombia : _bFausto Editores, _c2023 |
|
| 336 |
_atexto _btxt _2rdacontent |
||
| 337 |
_asin mediación _bn _2rdamedia |
||
| 338 |
_avolumen _bnc _2rdacarrier |
||
| 521 | _aRecomendado para un público infantil a partir de los 6 años | ||
| 534 | _tCachée ou pas, j'arrive! | ||
| 650 | 0 | 7 |
_aHistorias de aventuras en la literatura _2lemb _958699 |
| 650 | 0 | 4 |
_aTiras cómicas, historietas, etc. infantiles francesas _ysiglo xxi _2LEMB _962540 |
| 650 | 0 | 7 |
_aJuegos infantiles en la literatura _2lemb _929192 |
| 650 | 0 | 4 |
_aLiteratura infantil francesa _2LEMB |
| 700 |
_aJourdy, Camille _958700 |
||
| 700 |
_aPagán, Alba _958701 |
||
| 942 |
_2loc _cBKLITI |
||
| 999 |
_c58138 _d58138 |
||